000 00367nam a2200145Ia 4500
008 230917s9999||||xx |||||||||||||| ||und||
040 _e5003451
_aMAIN
041 _aEnglish
082 _a515.3 S22D
100 _aSudesh Kumari
245 0 _aDesign and analysis of fractals using fixed point iterative procedures
260 _c2020
300 _a238 p.
942 _cBK
999 _c9314
_d9314